000 01048nam a2200253Ia 4500
003 OSt
005 20221005133604.0
006 a|||||r|||| 00| 0
007 ta
008 221004b |||||||| |||| 00| 0 hin d
024 _a35971
037 _cTextual
040 _aCRL
_cCRL
_bhin
041 _2hin
_ahin
100 _aलल्टू कुमार, ले.
110 _aदिल्ली विश्वविद्यालय. कला संकाय. हिन्दी विभाग
245 0 _aफणीश्वर नाथ रेणु की कविताओं का आलोचनात्मक मूल्यांकन।
246 _aFaṇīshvar nāth reṇu kī kavitāoan kā ālochanātmak mūlyāankana।
260 _c2014
300 _a156पृ.
_ccm.
700 _aदिल्ली विश्वविद्यालय. कला संकाय. हिन्दी विभाग
942 _cTEXL
_2cc
999 _c1067291
_d1067291